00575nam a22001217a 4500008004100000020001500041050002800056245024900084260004300333300002400376440003000400800002300430140820b xxu||||| |||| 00| 0 eng d a0406094632 aKD276.3.L39(1913 vol.1) aThe Law Reports(1913 vol.1) Chancery division: of the Incorporated council of Law reporting. Supreme court of judicature. Cases determined in the Chancery Division and on appeal therefrom in the court of appeal. /cEdited by: Frederick pollock. aLondon:bButterworth & Co Ltd.,c1913. aXiii, 586p.:c24cm. pChancery Division.vVol.1 aPollock, Frederick